| 000 | 00894cam a2200289 a 4500 | ||
|---|---|---|---|
| 001 | 2878499 | ||
| 003 | NUST | ||
| 005 | 20220509101816.0 | ||
| 008 | 860522s1986 maua b 001 0 eng | ||
| 010 | _a 86014227 | ||
| 020 |
_a0875841414 (alk. paper) _z0875841457 |
||
| 038 | _awaseem | ||
| 040 |
_aDLC _cDLC _dDLC |
||
| 050 | 0 | 0 |
_aHD8038.A1 _bR33 1986 |
| 082 | 0 | 0 |
_a658.3044 _bRAE |
| 100 | 1 |
_aRaelin, Joseph A., _d1948- _991296 |
|
| 245 | 1 | 4 |
_aThe clash of cultures : _bmanagers and professionals / _cJoseph A. Raelin. |
| 260 |
_aBoston, Mass. : _bHarvard Business School Press, _cc1986. |
||
| 300 |
_axv, 299 p. : _bill. ; _c24 cm. |
||
| 500 | _aIncludes index. | ||
| 504 | _aBibliography: p. [271]-285. | ||
| 563 | _aHBK. | ||
| 650 | 0 |
_aProfessional employees. _991297 |
|
| 650 | 0 | _aPersonnel management. | |
| 906 |
_a7 _bcbc _corignew _d1 _eocip _f19 _gy-gencatlg |
||
| 942 |
_2ddc _cBK |
||
| 999 |
_c589496 _d589496 |
||